|
|
|
|
| LEADER |
01182nam a2200313 a 4500 |
| 001 |
2872 |
| 003 |
BD-DhAAL |
| 005 |
20150420122643.0 |
| 008 |
150420s1996 dcu b 001 0 eng |
| 010 |
|
|
|a 95046026
|
| 020 |
|
|
|a 0844739448 (cloth : alk. paper)
|
| 020 |
|
|
|a 0844739456 (pbk. : alk. paper)
|
| 040 |
|
|
|a DLC
|c DLC
|d DLC
|d BD-DhAAL
|
| 050 |
0 |
0 |
|a HN18
|b .B459 1996
|
| 082 |
0 |
0 |
|a 361.6/1
|2 20
|
| 100 |
1 |
|
|a Berger, Peter L.,
|d 1929-
|9 10593
|
| 245 |
1 |
0 |
|a To empower people :
|b from state to civil society /
|c Peter L. Berger and Richard John Neuhaus ; edited by Michael Novak.
|
| 250 |
|
|
|a 2nd ed.
|
| 260 |
|
|
|a Washington, D.C. :
|b American Enterprise Institute,
|c 1996.
|
| 300 |
|
|
|a xiv, 223 p. ;
|c 24 cm.
|
| 504 |
|
|
|a Includes bibliographical references (p. 209-213) and index.
|
| 541 |
|
|
|e 2872
|
| 650 |
|
0 |
|a Social policy.
|9 9589
|
| 650 |
|
0 |
|a Social institutions.
|9 8767
|
| 700 |
1 |
|
|a Neuhaus, Richard John.
|9 10594
|
| 700 |
1 |
|
|a Novak, Michael.
|9 10595
|
| 942 |
|
|
|2 ddc
|c BK
|
| 999 |
|
|
|c 34284
|d 34284
|
| 952 |
|
|
|0 0
|1 0
|2 ddc
|4 0
|6 361_610000000000000_BER
|7 0
|9 53525
|a SCL
|b SCL
|c GEN
|d 2015-04-20
|e Gift: The Asia Foundation
|l 0
|o 361.61 BER
|p 3020002872
|r 2015-04-20
|t 1
|w 2015-04-20
|y BK
|